| 000 | 01090nam a22003377a 4500 | ||
|---|---|---|---|
| 001 | 0010460 | ||
| 003 | KOHA_MİRAKIL | ||
| 005 | 20260207001744.0 | ||
| 007 | ta | ||
| 008 | 091111b2008 tu |||gr||||#||||0|tur | | ||
| 020 | _a9789752551855 | ||
| 040 |
_aTR-BiSEU _btur _cTR-BiSEU _erda |
||
| 041 | 0 | _atur | |
| 044 | _ctu | ||
| 050 |
_aBX410 _b.O94 2008 |
||
| 100 | 1 | _aÖzel, Sibel. | |
| 245 | 1 |
_aFener-Rum Patrikhanesi ve Ruhban okulu/ _cSibel Özel ; Sibel Özel. |
|
| 264 | 1 |
_aİstanbul : _bIQ Kültür Sanat Yayıncılık _c2008 |
|
| 300 | _a176 sayfa; 21 cm. | ||
| 336 |
_ametin _btxt _2rdacontent |
||
| 337 |
_aaracısız _bn _2rdamedia |
||
| 338 |
_acilt _bnc _2rdacarrier |
||
| 490 | 1 |
_aIQ Kültür Sanat Yayıncılık ; _v286. |
|
| 490 | 1 |
_aAraştırma-İnceleme Dizisi ; _v243. |
|
| 500 | _aKaynakça var. | ||
| 650 | 0 |
_aİstanbul (Ekümenik patriklik)--Tarih. _925671 |
|
| 650 | 0 |
_aYunanlılar--Türkiye--İstanbul. _925672 |
|
| 830 | 1 |
_aIQ Kültür Sanat Yayıncılık ; _v286. _95875 |
|
| 830 | 1 |
_aAraştırma-İnceleme Dizisi ; _v243. _914051 |
|
| 942 |
_2lcc _cBK |
||
| 999 |
_c10432 _d10432 |
||